"And Something" Book and Novel Titles - Statistics

General Stats
  • This quiz has been taken 1,169 times
    436 since last reset
  • The average score is 15 of 20
Answer Stats
Year Author Beginning of Title End of Title % Correct
1595 William Shakespeare Romeo and Juliet
100%
1813 Jane Austen Pride and Prejudice
97%
1937 John Steinbeck Of Mice and Men
96%
1869 Leo Tolstoy War and Peace
95%
1886 Robert Louis Stevenson Dr. Jekyll and Mr. Hyde
94%
1964 Roald Dahl Charlie and the Chocolate Factory
94%
1866 Fyodor Dostoyevsky Crime and Punishment
93%
1950 C. S. Lewis The Lion, the Witch and the Wardrobe
93%
564 BCE Aesop The Tortoise and the Hare
91%
1811 Jane Austen Sense and Sensibility
87%
1607 William Shakespeare Antony and Cleopatra
84%
1972 James Herriot All Creatures Great and Small
82%
1952 Ernest Hemingway The Old Man and the Sea
80%
1971 Hunter S. Thompson Fear and Loathing in Las Vegas
54%
1929 William Faulkner The Sound and the Fury
52%
1969 Patrick O'Brian Master and Commander
43%
1948 Norman Mailer The Naked and the Dead
43%
1913 D. H. Lawrence Sons and Lovers
39%
1967 Mikhail Bulgakov The Master and Margarita
35%
1940 Graham Greene The Power and the Glory
34%
No matching quizzes found
Score Distribution
Percent of People with Each Score
Percentile by Number Answered
Your Score History
You have not taken this quiz since the last reset